Statistics for Google What's the Difference? - Animals

Click here to take the quiz!

General Stats

  • This quiz has been taken 19,667 times
    (8,412 since last reset)
  • The average score is 18 of 24

Answer Stats

What's the difference between ... % Correct
a Crocodile and an {Alligator}
98%
a Tortoise and a {Turtle}
96%
a Hare and a {Rabbit}
95%
an Alpaca and a {Llama}
94%
a Mule and a {Donkey}
92%
a Frog and a {Toad}
91%
an Octopus and a {Squid}
87%
a Slug and a {Snail}
87%
a Sea Lion and a {Seal}
85%
a Butterfly and a {Moth}
85%
a Monkey and an {Ape}
85%
a Bison and a {Buffalo}
85%
a Centipede and a {Millipede}
83%
a Crow and a {Raven}
80%
a Wallaby and a {Kangaroo}
79%
a Porpoise and a {Dolphin}
73%
a Pigeon and a {Dove}
73%
a Porcupine and a {Hedgehog}
68%
a Jaguar and a {Panther}
65%
a Buzzard and a {Vulture}
54%
a Mastadon and {Woolly} {Mammoth}
51%
a Lynx and a {Bobcat}
49%
a Malamute and a {Husky}
46%
a Dugong and a {Manatee}
44%

Score Distribution

Percentile by Number Answered

Percent of People with Each Score

Your Score History

You have not taken this quiz since the last reset